000 00496nam a2200193Ia 4500
005 20250603145019.0
008 250603s9999 xx 000 0 und d
020 _a9781292025063
050 _aHD 30.3 .S55/
100 _aShockley-Zalabak, Pamela
245 0 _aFundamentals of organizational communication : knowledge, sensitivity, skills, values
250 _a9th ed.
260 _aBoston
260 _bPearson
260 _c2014
300 _a424 p
650 _aBoston
942 _cBK
999 _c40613
_d40613